000 00580nam a2200181 i 4500
001 79969
003 ES-MaACL
005 20230906174109.0
007 t|
008 041025s1945 sp ||||1| spa d
100 1 _aHillary, Richard.
_963715
245 1 3 _aUn piloto de la R.A.F. no ha regresado /
_cRichard Hillary ; traducción y notas de Antonio Espina.
260 _aMadrid :
_bAtlas,
_c1945 (
_fAldus Artes Gráficas)
300 _a261 p. ;
_c21 cm.
700 1 _aEspina, Antonio,
_d1894-1972
_947833
852 _aES-MaACL
_jF-16313
_bR.21391
999 _c79969
_d79969